Hagamos proyectos comunitarios /
Salvato in:
| Autore principale: | |
|---|---|
| Altri autori: | , |
| Natura: | Libro |
| Lingua: | Spanish |
| Pubblicazione: |
Alajuela, Costa Rica
Alfalit Latinoamericano, Comité Central Menonita
1992
|
| Soggetti: | |
| Tags: |
Aggiungi Tag
Nessun Tag, puoi essere il primo ad aggiungerne!!
|
MARC
| LEADER | 00000nam a22000007a 4500 | ||
|---|---|---|---|
| 003 | cru CIDCACS/IIS | ||
| 005 | 20180302164724.0 | ||
| 008 | 180302b1992 cr a||||||||||||| ||spa|| | ||
| 999 | |c 41100 |d 41100 | ||
| 040 | |c cru CIDCACS/IIS | ||
| 100 | 1 | |9 6731 |a Delgado, Marta | |
| 245 | 1 | 0 | |a Hagamos proyectos comunitarios / |c textos Marta Delgado, Niray Bernal, Ovidio Flores |
| 260 | |a Alajuela, Costa Rica |b Alfalit Latinoamericano, |b Comité Central Menonita |c 1992 | ||
| 300 | |a 30 páginas | ||
| 500 | |a Donación Alforja | ||
| 650 | 1 | 7 | |9 1931 |a PROYECTOS |
| 650 | 1 | 0 | |9 2519 |a COMUNIDADES |
| 650 | 1 | 0 | |9 3117 |a PROYECTOS CONJUNTOS |
| 650 | 0 | |9 1860 |a IGLESIA | |
| 650 | 1 | 0 | |9 2531 |a PROMOCION SOCIAL |
| 650 | 1 | 0 | |9 377 |a DESARROLLO DE LA COMUNIDAD |
| 651 | 1 | 0 | |9 32 |a COSTA RICA |
| 700 | 1 | 0 | |9 6732 |a Bernal, Niray |
| 700 | 1 | 0 | |9 6733 |a Flores, Ovidio |
| 942 | |2 ddc |c LI | ||
